LIBRARY & INFORMATION CENTRE, KCAET, TAVANUR

ONLINE PUBLIC ACCESS CATALOGUE (OPAC)

Problems in strength of materials and theory of structures / (Record no. 9236)

MARC details
000 -LEADER
fixed length control field 00417cam a2200157ua 4500
003 - CONTROL NUMBER IDENTIFIER
control field OSt
008 - FIXED-LENGTH DATA ELEMENTS--GENERAL INFORMATION
fixed length control field 250527b |||||||| |||| 00| 0 eng d
041 ## - LANGUAGE CODE
Language code of text/sound track or separate title eng
082 ## - DEWEY DECIMAL CLASSIFICATION NUMBER
Classification number 624.17
Item number RAJ/PR
100 ## - MAIN ENTRY--AUTHOR NAME
Personal name Rajaraman, S.
245 ## - TITLE STATEMENT
Title Problems in strength of materials and theory of structures /
250 ## - EDITION STATEMENT
Edition statement 8 /
260 ## - PUBLICATION, DISTRIBUTION, ETC. (IMPRINT)
Place of publication Thiruvananthapuram :
Name of publisher St Josephs Press ,
Year of publication 1958.
300 ## - PHYSICAL DESCRIPTION
Number of Pages 313 ; .
942 ## - ADDED ENTRY ELEMENTS (KOHA)
Koha item type Books
Holdings
Withdrawn status Lost status Damaged status Home library Current library Date acquired Cost, normal purchase price Full call number Accession Number Koha item type
      KAUAET KAUAET 07/04/2012 5.50 624.17 RAJ/PR 7205 Books
      KAUAET KAUAET 07/04/2012 5.50 624.17 RAJ/PR 7204 Books
free website counter